000 02137nam0a2200325 i 4500
001 RU\NLR\BIBL_A\010786510
005 20260405071307.0
021 _aRU
_b2015-38505
_92283
035 _a(NILC)RuMoRGB-007939608
035 _a(NLR Aleph) 010786510
090 _a10094014
_c10094014
100 _a20150622d2015 u y0rusy50 ca
101 0 _arus
102 _aRU
105 _aa|||j||||00yy
200 1 _aПрименение программы схемотехнического моделирования Design Lab 8.0 для решения задач по электротехнике
_eметодическое пособие по курсам "Электротехника" для студентов, обучающихся по направлению "Информатика и вычислительная техника"
_fА. Т. Кобяк, Н. Р. Новикова, А. А. Титов
_gМ-во образования и науки Российская Федерация, Нац. исслед. ун-т "МЭИ"
210 _aМосква
_cИзд-во МЭИ
_d2015
215 _a40 с.
_cил.
_d20
606 _aDESIGNLAB 8.0, система автоматизированного проектирования
_jМетодические пособия
_92082639
_3RU\NLR\AUTH\661258666
606 _aТеоретические основы электротехники
_jМетодические пособия
_xЗадачи
_xРешение на компьютерах
_92166604
_3RU\NLR\AUTH\661303580
686 1 _aЗ21с116я7-1
686 1 _aЗ85-02-5-05я7-1
700 1 _aКобяк
_bА. Т.
_gАлександр Трофимович
701 1 _7ca
_8rus
_aНовикова
_bН. Р.
_cпреподаватель, электротехника
_gНаталья Рафаиловна
_9213523
_3RU\NLR\AUTH\770213579
701 1 _8rus
_7ca
_aТитов
_bА. А.
_cканд. техн. наук, электрофизика
_gАлександр Анатольевич
_3RU\NLR\AUTH\7724338
_97389
801 0 _aRU
_bРГБ
_c20150526
_gRCR
942 _cBOOK
980 _aNBR